| 000 | 00402nam a2200169Ia 4500 | ||
|---|---|---|---|
| 005 | 20140402140149.0 | ||
| 008 | 140130s9999 xx 000 0 und d | ||
| 050 |
_aPS 3608 _b.H829 2005 |
||
| 245 |
_cHosseini, Khaled _aThe kite runner |
||
| 260 |
_bScholastic, _c2003 |
||
| 300 |
_a371 p. : _c21 cm. |
||
| 440 |
_v1 _931174 |
||
| 521 | _aG6 | ||
| 526 | _c840 | ||
| 942 |
_cBK _2lcc |
||
| 999 |
_c41217 _d41217 |
||